| 000 | 00707nam a22002057a 4500 | ||
|---|---|---|---|
| 999 |
_c13310 _d13310 |
||
| 003 | AR-CdUCM | ||
| 008 | 190411b ||||| |||| 00| 0 spa d | ||
| 040 |
_aMUNICIPALIDAD PROVINCIAL DEL CUSCO _cBIBLIOTECA MUNICIPAL DEL CUSCO |
||
| 082 |
_24 ed. _a920.1 / _bM86 |
||
| 100 |
_aMorales, María Luz _931663 |
||
| 245 | _aEdison / | ||
| 260 |
_aBarcelona : _bSeix Barral, _c1957. |
||
| 300 |
_a131 páginas ; _c18 cm. _bIlustración con fotografías, |
||
| 505 | _aContenido : Milán : 1847 -- El preguntón -- El grand trunk -- El telegrafista -- Nueva York ... | ||
| 650 |
_aBiografías _9148 |
||
| 650 |
_aHistoria _9136 |
||
| 650 |
_aNueva York _928997 |
||
| 942 |
_2ddc _cLIBROS |
||
| 945 |
_arah _d11/04/2019 |
||